| 000 | 00503cam a2200193ua 4500 | ||
|---|---|---|---|
| 020 | _c15.00 | ||
| 041 |
_aeng _h |
||
| 082 |
_a530.15 _bMAR/MA |
||
| 100 | _aMargenau, Henry . | ||
| 245 |
_aMathematics of Physics and Chemistry / _cHenry Margenau. _hTextual Documents |
||
| 250 |
_a2 / _b. |
||
| 260 |
_a : _bAffiliated East West Press Pvt Ltd , _c1966. |
||
| 300 | _a604 ; . | ||
| 365 | _a15.00 | ||
| 504 | _a | ||
| 700 | 1 | _aMurphy, George Moseley . | |
| 942 | _cBK | ||
| 999 |
_c1543 _d1543 |
||